Statistics for Arema FC Players By Picture

Click here to take the quiz!

General Stats

  • This quiz has been taken 3 times
  • The average score is 10 of 16

Answer Stats

Answer% Correct
Christian Gonzalez
100%
Kurnia Meiga
100%
Ahmad Bustomi
67%
Ahmad Kurniawan
67%
Dedik Setiawan
67%
Johan Alfarizi
67%
Juan Revi
67%
Pierre Njaka
67%
Purwaka Yudhi
67%
Roman Chmelo
67%
Samsul Arif
67%
Thierry Gathuessi
67%
Arthur Cunha
33%
Benny Wahyudi
33%
Dendi Santoso
33%
Gustavo Lopez
33%

Score Distribution

Percentile by Number Answered

Percent of People with Each Score

Your Score History

You have not taken this quiz